000 00712cam a2200205 a 4500
001 12253848
005 20240229061453.0
008 000817s1999 th b i000 0 eng
020 _a9747215012
040 _aDLC
_cDLC
_dDLC
082 0 0 _a322
_221
_bPRO.
100 _aSamaraweera.
245 0 0 _aPromoting three basic freedoms :
_btowards greater freedom of association, assembly and expression in Asia : a region wide report on the democratic space for NGOs in Asia /
_cedited by Elizabeth Nissan.
260 _aBangkok, Thailand :
_bThree Freedoms Project,
_c1997.
300 _a40 p.,
650 0 _aCivil rights
650 0 _aNon-governmental organizations
700 1 _aNissan, Elizabeth.
_eedt
942 _cL
999 _c522
_d522